| 000 | 01140nam a22002657a 4500 | ||
|---|---|---|---|
| 005 | 20170124103151.0 | ||
| 010 | _aA-346481 | ||
| 020 | _c25.00 | ||
| 035 | _aA-346481 | ||
| 037 | _bCen Lib/Ret | ||
| 040 |
_aDPL _bHN |
||
| 082 |
_a615.52 _bध्यानी |
||
| 100 |
_aध्यानी, शिवचरण _988039 |
||
| 245 |
_aनिदान पनचक / _c शिवचरण ध्यानी |
||
| 246 |
_aNidan panchak _bby Shivcharan Dhyani |
||
| 260 |
_aवाराणसी _bचौखम्बा सुरभारती प्रकाशन _c1987 |
||
| 270 |
_aके -37/117, गोपाल मंदिर _bवाराणसी _e221001 |
||
| 300 |
_a92पृष्ठ. _c21सेमी(सजिल्द) |
||
| 490 | _aचौखम्बा आयुर्विज्ञान ग्रन्थमाला - 20 | ||
| 650 |
_aस्वास्थ्य विज्ञान _988040 |
||
| 650 |
_aनिदान के कार्य _91726 |
||
| 650 |
_aHealth-science _916285 |
||
| 650 |
_aDiagnostic Work _988041 |
||
| 942 |
_2ddc _cHN _h615.52 _mध्यानी |
||
| 999 |
_c119999 _d119999 |
||